| 000 | 00433nam a2200157Ia 4500 | ||
|---|---|---|---|
| 003 | Ost | ||
| 005 | 20260225132551.0 | ||
| 008 | 260225s9999||||xx |||||||||||||| ||und|| | ||
| 040 | _cfsic | ||
| 041 | _afre | ||
| 082 | _a347.01 | ||
| 100 |
_aMohamed Fares/Mahfoud Kaddache _eAuteur |
||
| 245 | 0 | _aAissat Idir : | |
| 245 | 0 |
_bdocuments et témoignages sur le syndicalisme Algérien / _cMohamed Fares/Mahfoud Kaddache |
|
| 942 | _cكتاب | ||
| 999 |
_c34160 _d34160 |
||